000 00570nmm a2200169Ia 4500
008 251105s9999||||xx |||||||||||||||||und||
020 _a9789587388039
041 _aspa
100 _aLlano Toro, Federica del
245 0 _aEl desequilibrio procesal y probatorio del "opositor víctima o sujeto vulnerable" en el proceso de restitución de tierras
264 _a[Bogotá, Colombia] :
_bUniversidad del Rosario,
_c2016
300 _a172 páginas
490 _aÓpera Prima
650 _aLaw
856 _uhttps://public.digitaliapublishing.com/a/46573
942 _cCF
999 _c95868
_d95868